[Event "Cappelle Online Blitz op"]
[Site "Europe Echecs INT"]
[Date "2022.01.09"]
[Round "8"]
[White "Dubois, Herve"]
[Black "Toulemont, Anouk"]
[Result "1-0"]
[WhiteElo "1830"]
[BlackElo "1519"]
[PlyCount "59"]
[EventDate "2022.01.09"]
[EventType "swiss (blitz)"]
[EventRounds "11"]
[EventCountry "FRA"]
[SourceTitle "EXT 2023"]
[Source "ChessBase"]
[SourceDate "2022.10.05"]
[SourceVersion "1"]
[SourceVersionDate "2022.10.05"]
[SourceQuality "1"]

1. c4 e5 2. Nc3 Bc5 3. Nf3 Nc6 4. g3 a6 5. Bg2 Nf6 6. 0-0 0-0 7. e3 d6 8. d4 Ba7 9. d5 Ne7 10. e4 c6 11. Bg5 Ne8 12. dxc6 bxc6 13. Qd2 f6 14. Be3 Bxe3 15. Qxe3 d5 16. cxd5 cxd5 17. Nxd5 Nxd5 18. exd5 Qxd5 19. Ng5 e4 20. Bxe4 Qxg5 21. Qxg5 fxg5 22. Bxa8 Nc7 23. Bg2 Bd7 24. Rac1 Ne6 25. Rfd1 Bb5 26. Bd5 Re8 27. Re1 Bd7 28. Rc7 Bc8 29. Rxc8 Rxc8 30. Bxe6+ 1-0

[Event "Cappelle Online Blitz op"]
[Site "Europe Echecs INT"]
[Date "2022.01.09"]
[Round "11"]
[White "Feryn, Benjamin"]
[Black "Dubois, Herve"]
[Result "1-0"]
[WhiteElo "2197"]
[BlackElo "1830"]
[PlyCount "91"]
[EventDate "2022.01.09"]
[EventType "swiss (blitz)"]
[EventRounds "11"]
[EventCountry "FRA"]
[SourceTitle "EXT 2023"]
[Source "ChessBase"]
[SourceDate "2022.10.05"]
[SourceVersion "1"]
[SourceVersionDate "2022.10.05"]
[SourceQuality "1"]

1. e4 c5 2. Nf3 d6 3. c3 Nf6 4. Bd3 Nc6 5. 0-0 e6 6. Bc2 Be7 7. d4 cxd4 8. cxd4 0-0 9. Nc3 Bd7 10. a3 Rc8 11. Qd3 e5 12. Bg5 h6 13. Be3 Ng4 14. Bd2 exd4 15. Nxd4 Nge5 16. Nxc6 Bxc6 17. Qe2 Bf6 18. Rad1 Qe7 19. Bb3 a6 20. Be3 Rfd8 21. Rd2 Ng6 22. Nd5 Bxd5 23. Bxd5 Be5 24. f4 Bf6 25. Rfd1 Qc7 26. g3 Ne7 27. Bb3 Nc6 28. Bd5 Na5 29. b3 Qc3 30. Rd3 Qc2 31. Qxc2 Rxc2 32. Bb6 Nxb3 33. Bxb3 Rcc8 34. Bxd8 Rxd8 35. Rxd6 Rxd6 36. Rxd6 Bd4+ 37. Rxd4 g5 38. Rd7 gxf4 39. gxf4 h5 40. Rxf7 h4 41. Rxb7+ Kf8 42. e5 h3 43. f5 Ke8 44. f6 Kd8 45. e6 Ke8 46. Rb8# 1-0

[Event "Cappelle Online Blitz op"]
[Site "Europe Echecs INT"]
[Date "2022.01.09"]
[Round "7"]
[White "Yebdri, Eric"]
[Black "Dubois, Herve"]
[Result "0-1"]
[WhiteElo "1414"]
[BlackElo "1830"]
[PlyCount "74"]
[EventDate "2022.01.09"]
[EventType "swiss (blitz)"]
[EventRounds "11"]
[EventCountry "FRA"]
[SourceTitle "EXT 2023"]
[Source "ChessBase"]
[SourceDate "2022.10.05"]
[SourceVersion "1"]
[SourceVersionDate "2022.10.05"]
[SourceQuality "1"]

1. d4 Nf6 2. c4 e6 3. Nc3 Bb4 4. Qc2 c5 5. e3 Na6 6. Bd3 cxd4 7. exd4 d5 8. c5 Nc7 9. Nge2 0-0 10. 0-0 Bxc3 11. Qxc3 Bd7 12. a3 Bb5 13. Bxb5 Nxb5 14. Qd3 a6 15. b4 Qe7 16. Bb2 Rfd8 17. Rac1 Rac8 18. a4 Na7 19. Rc2 Nc6 20. Ba3 e5 21. b5 e4 22. Qg3 axb5 23. axb5 Na5 24. c6 Qe6 25. c7 Rd7 26. b6 Nc4 27. Bb2 Qxb6 28. Nf4 Qxc7 29. Nxd5 Nxd5 30. Qxc7 Rdxc7 31. Ba1 b5 32. Rb1 b4 33. Re2 e3 34. fxe3 Ncxe3 35. Rb3 Rc1+ 36. Kf2 Nd1+ 37. Kf3 Rxa1 0-1

[Event "Europe Echecs Blitz Sept op"]
[Site "Europe Echecs INT"]
[Date "2021.09.19"]
[Round "8"]
[White "Dubois, Herve"]
[Black "Roussat, Fabien"]
[Result "1-0"]
[WhiteElo "1836"]
[BlackElo "1681"]
[PlyCount "75"]
[EventDate "2021.09.19"]
[EventType "swiss (blitz)"]
[EventRounds "11"]
[EventCountry "FRA"]
[SourceTitle "CBM 204 Extra"]
[Source "ChessBase"]
[SourceDate "2021.11.30"]
[SourceVersion "1"]
[SourceVersionDate "2021.11.30"]
[SourceQuality "1"]

1. c4 g6 2. Nc3 Bg7 3. Nf3 d6 4. g3 e5 5. Bg2 f5 6. 0-0 Nc6 7. d3 Nf6 8. Bg5 0-0 9. Nd5 Be6 10. Ne1 h6 11. Nxf6+ Rxf6 12. Bxf6 Bxf6 13. Nc2 Kh7 14. Ne3 Qd7 15. Nd5 Bg7 16. Rb1 Rb8 17. b4 Nd8 18. a4 c6 19. Ne3 Nf7 20. Nc2 g5 21. b5 Rc8 22. bxc6 bxc6 23. Nb4 f4 24. Be4+ Kh8 25. Qb3 d5 26. cxd5 cxd5 27. Bxd5 Bxd5 28. Qxd5 Qh3 29. Qg2 Qf5 30. Nd5 Re8 31. Rb7 Bf8 32. Rfb1 g4 33. Qe4 Qe6 34. gxf4 Bg7 35. f5 Nd6 36. fxe6 Nxe4 37. dxe4 Rxe6 38. Rxa7 1-0

[Event "Europe Echecs Blitz Sept op"]
[Site "Europe Echecs INT"]
[Date "2021.09.19"]
[Round "11"]
[White "Fondrat, Johan"]
[Black "Dubois, Herve"]
[Result "0-1"]
[WhiteElo "1509"]
[BlackElo "1836"]
[PlyCount "138"]
[EventDate "2021.09.19"]
[EventType "swiss (blitz)"]
[EventRounds "11"]
[EventCountry "FRA"]
[SourceTitle "CBM 204 Extra"]
[Source "ChessBase"]
[SourceDate "2021.11.30"]
[SourceVersion "1"]
[SourceVersionDate "2021.11.30"]
[SourceQuality "1"]

1. e4 c5 2. c3 d5 3. exd5 Qxd5 4. d4 Nf6 5. Nf3 Nc6 6. Be3 cxd4 7. cxd4 e6 8. Nc3 Bb4 9. Be2 0-0 10. 0-0 Bxc3 11. bxc3 Qa5 12. Qd3 Bd7 13. Bd1 Ne7 14. Bg5 Rac8 15. Bxf6 gxf6 16. c4 Ng6 17. Bc2 Ba4 18. Bb1 Qb4 19. a3 Qxc4 20. Qe4 Bc6 21. Qe3 Bxf3 22. gxf3 Qc3 23. Qxc3 Rxc3 24. Be4 b6 25. a4 f5 26. Bb7 Nh4 27. f4 Nf3+ 28. Bxf3 Rxf3 29. a5 Rxf4 30. axb6 axb6 31. Rfd1 Rd8 32. Rab1 Rd6 33. Kg2 Kg7 34. Kg3 Re4 35. Rb4 Kf6 36. f3 Re3 37. Kf4 Ra3 38. Rdb1 Ra2 39. h3 Rd2 40. Ke3 Rh2 41. Rxb6 Rd5 42. R1b5 Rxb5 43. Rxb5 Rxh3 44. Kf4 Rh4+ 45. Ke3 h5 46. Rb2 Rh1 47. Re2 h4 48. Kf4 Rd1 49. Ke3 Ra1 50. Rh2 Kg5 51. d5 exd5 52. Kd4 Rd1+ 53. Ke5 f6+ 54. Ke6 d4 55. Rg2+ Kf4 56. Kxf6 h3 57. Rg5 Kxf3 58. Rxf5+ Kg2 59. Rg5+ Kf1 60. Rf5+ Ke2 61. Rh5 Rd3 62. Ke5 Kf2 63. Ke4 Ra3 64. Kxd4 Kg2 65. Ke4 h2 66. Rg5+ Rg3 67. Rh5 h1Q 68. Rxh1 Kxh1 69. Kf4 Ra3 0-1

[Event "C'Chartres Blitz op April"]
[Site "Europe Echecs INT"]
[Date "2021.04.10"]
[Round "6"]
[White "Derouineau, Jacques"]
[Black "Dubois, Herve"]
[Result "1-0"]
[WhiteElo "2029"]
[BlackElo "1836"]
[PlyCount "57"]
[EventDate "2021.04.10"]
[EventType "swiss (blitz)"]
[EventRounds "11"]
[EventCountry "FRA"]
[SourceTitle "CBM 201 Extra"]
[Source "ChessBase"]
[SourceDate "2021.05.31"]
[SourceVersion "1"]
[SourceVersionDate "2021.05.31"]
[SourceQuality "1"]

1. e4 c5 2. Nc3 d6 3. g3 Nc6 4. Bg2 Nf6 5. d3 e6 6. Nf3 Be7 7. 0-0 0-0 8. h3 a6 9. Be3 Rb8 10. Qd2 b5 11. Ne2 Bb7 12. g4 Qc7 13. Ng3 Rbc8 14. g5 Nd7 15. h4 Nce5 16. Qe2 Ng4 17. Bd2 Nge5 18. Nh2 f5 19. f4 Ng6 20. h5 Nh4 21. Bh1 fxe4 22. dxe4 c4 23. Be3 d5 24. Qg4 Bc5 25. Bxc5 Qxc5+ 26. Rf2 Nf5 27. exf5 exf5 28. Nxf5 d4 29. Bxb7 1-0

[Event "C'Chartres Blitz op April"]
[Site "Europe Echecs INT"]
[Date "2021.04.10"]
[Round "11"]
[White "Emmenecker, Philippe"]
[Black "Dubois, Herve"]
[Result "1/2-1/2"]
[WhiteElo "2053"]
[BlackElo "1836"]
[PlyCount "104"]
[EventDate "2021.04.10"]
[EventType "swiss (blitz)"]
[EventRounds "11"]
[EventCountry "FRA"]
[SourceTitle "CBM 201 Extra"]
[Source "ChessBase"]
[SourceDate "2021.05.31"]
[SourceVersion "1"]
[SourceVersionDate "2021.05.31"]
[SourceQuality "1"]

1. d4 Nf6 2. c4 e6 3. Nf3 b6 4. g3 Ba6 5. Nbd2 Bb7 6. Bg2 Bb4 7. 0-0 0-0 8. Qc2 d5 9. a3 Bxd2 10. Bxd2 dxc4 11. Qxc4 Ba6 12. Qc2 Bxe2 13. Rfe1 Bxf3 14. Bxf3 c6 15. Bg5 h6 16. Bf4 Nd5 17. Be5 Qd7 18. Rac1 f6 19. Bxb8 Raxb8 20. Qxc6 Qxc6 21. Rxc6 Rfe8 22. Rcxe6 Nc7 23. R6e3 Red8 24. Re7 Nb5 25. d5 a6 26. a4 Nd4 27. Bg2 Rd6 28. Rc7 Rbd8 29. h4 b5 30. h5 bxa4 31. Rc4 Nb5 32. Rxa4 Nc7 33. Rc4 Nxd5 34. Bxd5+ Rxd5 35. g4 a5 36. Re7 R8d7 37. Rc8+ Kh7 38. Rxd7 Rxd7 39. Ra8 Rd5 40. Kg2 f5 41. f3 fxg4 42. fxg4 Rb5 43. Kg3 Rxb2 44. Rxa5 Rb7 45. Ra6 Rf7 46. Kh4 Rf1 47. Ra8 Rf2 48. Kg3 Rf1 49. Kg2 Rf6 50. Kg3 Rf1 51. Kh4 Rf6 52. Kg3 Rf1 1/2-1/2

[Event "Cappelle Online Blitz op"]
[Site "Europe Echecs INT"]
[Date "2021.03.07"]
[Round "9"]
[White "Dubois, Herve"]
[Black "Dauletova, Gulmira"]
[Result "0-1"]
[WhiteElo "1836"]
[BlackElo "2285"]
[PlyCount "86"]
[EventDate "2021.03.07"]
[EventType "swiss (blitz)"]
[EventRounds "11"]
[EventCountry "FRA"]
[SourceTitle "CBM 201 Extra"]
[Source "ChessBase"]
[SourceDate "2021.05.31"]
[SourceVersion "1"]
[SourceVersionDate "2021.05.31"]
[SourceQuality "1"]

1. c4 e5 2. Nc3 Nf6 3. Nf3 Nc6 4. g3 d5 5. cxd5 Nxd5 6. Bg2 Nb6 7. 0-0 Be7 8. d3 0-0 9. Be3 Be6 10. a3 a5 11. Rc1 f5 12. Qd2 Kh8 13. Nb5 Nd5 14. Ng5 Bg8 15. h4 Nxe3 16. Qxe3 f4 17. gxf4 exf4 18. Qd2 Bxg5 19. hxg5 Qxg5 20. Nxc7 Rad8 21. f3 Rd7 22. Na6 Rd5 23. Nc7 Re5 24. d4 Rd8 25. d5 Bxd5 26. Qc3 Bg8 27. Rc2 Re3 28. Qc5 Qg3 29. Rf2 Nd4 30. Rd2 Nxf3+ 31. Rxf3 Qe1+ 32. Rf1 Qxd2 33. Bf3 Qd6 34. Qxd6 Rxd6 35. Nb5 Rb6 36. Nc3 Rxb2 37. Nd5 Bxd5 38. Bxd5 g5 39. Rc1 Rexe2 40. Rc8+ Kg7 41. Rg8+ Kf6 42. Rf8+ Ke5 43. Bf3 Re1# 0-1

[Event "Cappelle Online Blitz op 1st"]
[Site "Europe Echecs INT"]
[Date "2021.01.10"]
[Round "9"]
[White "Benmesbah, Natacha"]
[Black "Dubois, Herve"]
[Result "1-0"]
[WhiteElo "2223"]
[BlackElo "1836"]
[PlyCount "45"]
[EventDate "2021.01.10"]
[EventType "swiss (blitz)"]
[EventRounds "11"]
[EventCountry "FRA"]
[SourceTitle "CBM 200 Extra"]
[Source "ChessBase"]
[SourceDate "2021.03.31"]
[SourceVersion "1"]
[SourceVersionDate "2021.03.31"]
[SourceQuality "1"]

1. e4 c5 2. Nf3 d6 3. Bb5+ Bd7 4. Bxd7+ Nxd7 5. 0-0 Ngf6 6. Re1 g6 7. c3 Bg7 8. d4 cxd4 9. cxd4 0-0 10. Nc3 Rc8 11. Bg5 a6 12. Qd2 Nb6 13. Rad1 Nc4 14. Qe2 Qb6 15. e5 dxe5 16. dxe5 Nh5 17. Nd5 Qe6 18. Nxe7+ Kh8 19. Nxc8 Rxc8 20. b3 Na3 21. Nd4 Qb6 22. g4 Ng3 23. hxg3 1-0

[Event "Cappelle Online Blitz op 1st"]
[Site "Europe Echecs INT"]
[Date "2021.01.10"]
[Round "8"]
[White "Dubois, Herve"]
[Black "Starley, Robert"]
[Result "1-0"]
[WhiteElo "1836"]
[BlackElo "2084"]
[PlyCount "77"]
[EventDate "2021.01.10"]
[EventType "swiss (blitz)"]
[EventRounds "11"]
[EventCountry "FRA"]
[SourceTitle "CBM 200 Extra"]
[Source "ChessBase"]
[SourceDate "2021.03.31"]
[SourceVersion "1"]
[SourceVersionDate "2021.03.31"]
[SourceQuality "1"]

1. c4 Nf6 2. Nc3 e5 3. Nf3 Nc6 4. g3 Bb4 5. Bg2 Bxc3 6. bxc3 0-0 7. 0-0 d6 8. d4 Bg4 9. dxe5 dxe5 10. Bg5 h6 11. Be3 Ne4 12. Qc1 Nf6 13. Rd1 Qe7 14. Rb1 Na5 15. c5 Rab8 16. Qa3 Nc4 17. Qxa7 Nxe3 18. fxe3 Ra8 19. Qxb7 Rxa2 20. Qb5 Ne4 21. Rbc1 Nxc5 22. Rd5 Nd7 23. Qc4 Nb6 24. Qxa2 Be6 25. c4 Bxd5 26. cxd5 Rd8 27. e4 Ra8 28. Qb2 Ra7 29. Qxe5 Qa3 30. Rxc7 Qe3+ 31. Kh1 Ra2 32. Qe8+ Kh7 33. Qxf7 Ra1+ 34. Bf1 Rxf1+ 35. Kg2 Qxe2+ 36. Kh3 Qb2 37. Ng5+ hxg5 38. Qxf1 Kh6 39. Rc6+ 1-0

[Event "C'Chartres Blitz op"]
[Site "Europe Echecs INT"]
[Date "2020.11.28"]
[Round "7"]
[White "Alberola, Raphael"]
[Black "Dubois, Herve"]
[Result "0-1"]
[WhiteElo "1664"]
[BlackElo "1836"]
[PlyCount "120"]
[EventDate "2020.11.28"]
[EventType "swiss (blitz)"]
[EventRounds "11"]
[EventCountry "FRA"]
[SourceTitle "CBM 199 Extra"]
[Source "ChessBase"]
[SourceDate "2021.01.31"]
[SourceVersion "1"]
[SourceVersionDate "2021.01.31"]
[SourceQuality "1"]

1. e4 c5 2. Nf3 d6 3. d4 cxd4 4. Nxd4 Nf6 5. Nc3 a6 6. f3 e5 7. Nb3 Be7 8. Be3 Be6 9. Qd2 Nbd7 10. 0-0-0 0-0 11. Kb1 Nb6 12. g4 Nfd7 13. h4 Bc4 14. g5 Bxf1 15. Rdxf1 Nc4 16. Qf2 Nxe3 17. Qxe3 Rc8 18. Nd5 Nc5 19. Rh2 Ne6 20. Rg1 g6 21. h5 Bxg5 22. Qf2 Nf4 23. hxg6 fxg6 24. Rgh1 Nxd5 25. exd5 Rc7 26. Qg2 Qf6 27. a3 Bf4 28. Rh4 Rff7 29. Nd2 Bxd2 30. Qxd2 Qf5 31. f4 exf4 32. Re1 Kf8 33. Re6 f3 34. Rxd6 f2 35. Rd8+ Ke7 36. d6+ Kxd8 37. dxc7+ Kxc7 38. Rc4+ Kb8 39. Qd8+ Ka7 40. Rc8 f1Q+ 41. Ka2 Qxc8 42. Qxc8 Qf5 43. Qc4 Qd7 44. b3 Rf5 45. a4 Qc6 46. Qd4+ b6 47. Kb1 Rf1+ 48. Ka2 Rc1 49. c4 Rc2+ 50. Kb1 Rg2 51. Qg7+ Qb7 52. Qd4 Rh2 53. Qd5 Qxd5 54. cxd5 Rh5 55. Kc2 Rxd5 56. Kc3 Rc5+ 57. Kb4 Rf5 58. Ka3 h5 59. a5 h4 60. axb6+ Kxb6 0-1

[Event "C'Chartres Blitz op"]
[Site "Europe Echecs INT"]
[Date "2020.11.28"]
[Round "3"]
[White "Devallee, Jeremie"]
[Black "Dubois, Herve"]
[Result "1-0"]
[WhiteElo "2220"]
[BlackElo "1836"]
[PlyCount "57"]
[EventDate "2020.11.28"]
[EventType "swiss (blitz)"]
[EventRounds "11"]
[EventCountry "FRA"]
[SourceTitle "CBM 199 Extra"]
[Source "ChessBase"]
[SourceDate "2021.01.31"]
[SourceVersion "1"]
[SourceVersionDate "2021.01.31"]
[SourceQuality "1"]

1. e4 c5 2. d4 cxd4 3. c3 d3 4. Bxd3 Nc6 5. c4 d6 6. Nc3 Nf6 7. h3 e5 8. Nge2 Be7 9. 0-0 0-0 10. f4 exf4 11. Bxf4 Ne5 12. b3 Be6 13. Nd5 Bxd5 14. exd5 Ng6 15. Bh2 Re8 16. Ng3 Bf8 17. Nf5 Ne5 18. Bc2 Qd7 19. Qd2 Rac8 20. Qg5 Ng6 21. h4 Re2 22. Bd3 Rb2 23. h5 Ne5 24. Nh6+ Kh8 25. Bf5 Qe7 26. Bxc8 Ne4 27. Nxf7+ Nxf7 28. Qxe7 Bxe7 29. Rxf7 1-0

[Event "Europe Echecs Blitz Nov op"]
[Site "Europe Echecs INT"]
[Date "2020.11.08"]
[Round "9"]
[White "Daulyte Cornette, Deimante"]
[Black "Dubois, Herve"]
[Result "1-0"]
[WhiteElo "2400"]
[BlackElo "1836"]
[PlyCount "35"]
[EventDate "2020.11.08"]
[EventType "swiss (blitz)"]
[EventRounds "11"]
[EventCountry "FRA"]
[SourceTitle "CBM 199 Extra"]
[Source "ChessBase"]
[SourceDate "2021.01.31"]
[SourceVersion "1"]
[SourceVersionDate "2021.01.31"]
[SourceQuality "1"]

1. e4 c5 2. Nc3 d6 3. f4 a6 4. Nf3 Nf6 5. d4 cxd4 6. Nxd4 e6 7. Be2 Be7 8. 0-0 0-0 9. Kh1 Nc6 10. Be3 Qc7 11. Qe1 b6 12. Nxc6 Qxc6 13. Bf3 e5 14. f5 Bb7 15. g4 Qc4 16. b3 Qb4 17. a3 Qa5 18. b4 1-0

[Event "FRA-ch Blitz Online Qual"]
[Site "Europe Echecs INT"]
[Date "2020.05.16"]
[Round "12"]
[White "Dubois, Herve"]
[Black "Kollar, Romain"]
[Result "0-1"]
[WhiteElo "1836"]
[BlackElo "2205"]
[PlyCount "82"]
[EventDate "2020.05.16"]
[EventType "swiss (blitz)"]
[EventRounds "15"]
[EventCountry "FRA"]
[SourceTitle "CBM 196 Extra"]
[Source "ChessBase"]
[SourceDate "2020.07.31"]
[SourceVersion "1"]
[SourceVersionDate "2020.07.31"]
[SourceQuality "1"]

1. c4 c5 2. Nc3 Nc6 3. Nf3 g6 4. g3 Bg7 5. Bg2 Nh6 6. 0-0 Nf5 7. e3 0-0 8. b3 b6 9. Bb2 Bb7 10. Rb1 Rb8 11. Nd5 e6 12. Bxg7 Kxg7 13. Nc3 d6 14. d4 Qf6 15. Ne4 Qe7 16. dxc5 dxc5 17. Nc3 Rfd8 18. Qc1 h5 19. Qb2 f6 20. Rfd1 Nb4 21. a3 Nc6 22. Qc2 Qf7 23. Nb5 a6 24. Nc3 Nce7 25. Na4 Rxd1+ 26. Rxd1 Bc6 27. Nc3 Rh8 28. h4 Rc8 29. Rd2 Nh6 30. Ne4 Nef5 31. Bh3 Qb7 32. Nfg5 fxg5 33. Nxg5 Ng4 34. Qc3+ Kh6 35. Nxe6 Qe7 36. Nf4 Rd8 37. Rxd8 Qxd8 38. Bf1 Kh7 39. Qc2 Qe8 40. b4 Qe4 41. Qc3 Qh1# 0-1

[Event "FRA-ch Blitz Online Qual"]
[Site "Europe Echecs INT"]
[Date "2020.05.16"]
[Round "2"]
[White "Lambert, Adrien"]
[Black "Dubois, Herve"]
[Result "1-0"]
[WhiteElo "2123"]
[BlackElo "1836"]
[PlyCount "75"]
[EventDate "2020.05.16"]
[EventType "swiss (blitz)"]
[EventRounds "15"]
[EventCountry "FRA"]
[SourceTitle "CBM 196 Extra"]
[Source "ChessBase"]
[SourceDate "2020.07.31"]
[SourceVersion "1"]
[SourceVersionDate "2020.07.31"]
[SourceQuality "1"]

1. e4 c5 2. Nf3 d6 3. d4 cxd4 4. Nxd4 Nf6 5. Nc3 a6 6. g3 e5 7. Nde2 Be7 8. Bg2 Bd7 9. 0-0 0-0 10. h3 Bc6 11. g4 Nbd7 12. Ng3 Nc5 13. g5 Ne8 14. h4 Ne6 15. Nf5 f6 16. Nd5 Bxd5 17. Qxd5 Qd7 18. Bh3 Kh8 19. Nxe7 Qxe7 20. Qxe6 Qc7 21. c3 Qc5 22. Be3 Qb5 23. Qb3 Qc6 24. Qd5 Rb8 25. Rfd1 g6 26. Qxc6 bxc6 27. b3 f5 28. exf5 gxf5 29. c4 f4 30. Bc1 Rd8 31. Ba3 Rf7 32. Bg2 f3 33. Bh3 Rg7 34. Kh2 h6 35. gxh6 Rg6 36. Bc1 Nf6 37. Bg5 d5 38. Bf5 1-0

[Event "FRA-ch Blitz Online Qual"]
[Site "Europe Echecs INT"]
[Date "2020.05.16"]
[Round "8"]
[White "Ludwiczak, Virginie"]
[Black "Dubois, Herve"]
[Result "1-0"]
[WhiteElo "1875"]
[BlackElo "1836"]
[PlyCount "69"]
[EventDate "2020.05.16"]
[EventType "swiss (blitz)"]
[EventRounds "15"]
[EventCountry "FRA"]
[SourceTitle "CBM 196 Extra"]
[Source "ChessBase"]
[SourceDate "2020.07.31"]
[SourceVersion "1"]
[SourceVersionDate "2020.07.31"]
[SourceQuality "1"]

1. c4 c5 2. Nf3 Nf6 3. g3 g6 4. Bg2 Bg7 5. d3 0-0 6. 0-0 Nc6 7. Nc3 d5 8. cxd5 Nxd5 9. Bd2 b6 10. Ne1 Nxc3 11. bxc3 Bb7 12. Rb1 Rc8 13. Qa4 Qc7 14. Nc2 Rfd8 15. Ne3 Na5 16. Bxb7 Qxb7 17. Qxa5 h5 18. Qa4 Bf6 19. Ng2 Kh7 20. Be3 g5 21. h4 g4 22. Nf4 c4 23. Qb5 e5 24. Nxh5 Bh8 25. d4 Rd5 26. Qb2 exd4 27. Qc2+ f5 28. cxd4 Qf7 29. Nf4 Ra5 30. a4 c3 31. Rb5 Rc4 32. Rxa5 bxa5 33. Rd1 Qd7 34. d5 Qxa4 35. Qxf5+ 1-0

[Event "FRA-ch Blitz Online Qual"]
[Site "Europe Echecs INT"]
[Date "2020.05.16"]
[Round "6"]
[White "Thobie, Pascal"]
[Black "Dubois, Herve"]
[Result "0-1"]
[WhiteElo "1216"]
[BlackElo "1836"]
[PlyCount "56"]
[EventDate "2020.05.16"]
[EventType "swiss (blitz)"]
[EventRounds "15"]
[EventCountry "FRA"]
[SourceTitle "CBM 196 Extra"]
[Source "ChessBase"]
[SourceDate "2020.07.31"]
[SourceVersion "1"]
[SourceVersionDate "2020.07.31"]
[SourceQuality "1"]

1. Nf3 c5 2. c4 Nf6 3. Nc3 g6 4. e3 Bg7 5. d4 0-0 6. Be2 b6 7. 0-0 Bb7 8. a3 d5 9. b3 dxc4 10. bxc4 cxd4 11. exd4 Ne4 12. Nxe4 Bxe4 13. Bb2 Nd7 14. d5 Bxb2 15. Ra2 Bg7 16. a4 Nc5 17. h3 Qd6 18. Nd2 Bf5 19. Nb3 Rac8 20. Nxc5 Rxc5 21. Qb3 Rfc8 22. Rc1 e6 23. dxe6 Bxe6 24. Rac2 Qf4 25. f3 Bh6 26. Kh1 Qg3 27. Rf1 Bf4 28. Kg1 Bxh3 0-1

[Event "Europe Echecs online op April"]
[Site "Europe Echecs INT"]
[Date "2020.04.11"]
[Round "11"]
[White "Saada, Julien"]
[Black "Dubois, Herve"]
[Result "0-1"]
[WhiteElo "2249"]
[BlackElo "1836"]
[PlyCount "38"]
[EventDate "2020.04.11"]
[EventType "swiss (blitz)"]
[EventRounds "11"]
[EventCountry "FRA"]
[SourceTitle "EXT 2021"]
[Source "ChessBase"]
[SourceDate "2020.10.23"]
[SourceVersion "1"]
[SourceVersionDate "2020.10.23"]
[SourceQuality "1"]

1. d4 Nf6 2. Bg5 e6 3. e4 Be7 4. Nd2 d6 5. Bd3 Nbd7 6. f4 0-0 7. Ngf3 c5 8. e5 dxe5 9. dxe5 Nd5 10. Ne4 Bxg5 11. Nfxg5 Nxf4 12. 0-0 Nxd3 13. cxd3 Nxe5 14. Qh5 h6 15. Rf4 Ng6 16. Nxf7 Nxf4 17. Nxh6+ gxh6 18. Qxh6 Rf5 19. Rf1 Ne2+ 0-1